[Event "NRW Class1 1718"]
[Site "Germany"]
[Date "2018.02.18"]
[Round "6.7"]
[White "Gruettemeier, Uwe"]
[Black "Kevekordes, Peter"]
[Result "0-1"]
[WhiteElo "2009"]
[BlackElo "1863"]
[PlyCount "85"]
[EventDate "2017.09.17"]
[EventType "team-tourn"]
[EventRounds "9"]
[EventCountry "GER"]
[SourceTitle "EXT 2019"]
[Source "ChessBase"]
[SourceDate "2018.10.10"]
[SourceVersion "1"]
[SourceVersionDate "2018.10.10"]
[SourceQuality "1"]
[WhiteTeam "Bielefeld"]
[BlackTeam "Sundern"]
[WhiteTeamCountry "GER"]
[BlackTeamCountry "GER"]

1. d4 d5 2. Nf3 c6 3. c4 dxc4 4. Nc3 b5 5. e4 e6 6. e5 Bb4 7. Bd2 Bxc3 8. bxc3 Bb7 9. Ng5 Ne7 10. Qh5 Ng6 11. Be2 Qe7 12. Bf3 h6 13. Ne4 0-0 14. Nd6 Rd8 15. Be4 Nf8 16. Bf4 a5 17. g4 Rxd6 18. exd6 Qd7 19. 0-0 Na6 20. g5 hxg5 21. Qxg5 Rc8 22. Be5 f5 23. Bg2 c5 24. Bxb7 Qxb7 25. Rad1 b4 26. dxc5 Qf7 27. Rd4 Rxc5 28. d7 Nxd7 29. Qd8+ Nf8 30. Qd6 Qb7 31. Rc1 b3 32. a3 a4 33. Re1 Qb5 34. Rdd1 Nc7 35. Bd4 Rc6 36. Qe7 e5 37. Rxe5 Rg6+ 38. Kf1 Qc6 39. Bc5 Qg2+ 40. Ke1 Nce6 41. Qd6 Qf3 42. Re2 Qxc3+ 43. Kf1 0-1

[Event "NRW Class1 1617"]
[Site "Germany"]
[Date "2017.03.05"]
[Round "7.6"]
[White "Gruettemeier, Uwe"]
[Black "Kueppers, Timo"]
[Result "0-1"]
[WhiteElo "2114"]
[BlackElo "2061"]
[PlyCount "118"]
[EventDate "2016.09.25"]
[EventType "team-tourn"]
[EventRounds "9"]
[EventCountry "GER"]
[SourceTitle "EXT 2023"]
[Source "ChessBase"]
[SourceDate "2022.10.05"]
[SourceVersion "1"]
[SourceVersionDate "2022.10.05"]
[SourceQuality "1"]
[WhiteTeam "Bielefeld"]
[BlackTeam "Katernberg SF II"]
[WhiteTeamCountry "GER"]
[BlackTeamCountry "GER"]

1. d4 Nf6 2. Nf3 e6 3. c4 Bb4+ 4. Bd2 Qe7 5. g3 Nc6 6. Bg2 Bxd2+ 7. Nbxd2 d6 8. 0-0 a5 9. Rc1 0-0 10. Nb1 e5 11. d5 Nb8 12. Nc3 Bd7 13. a3 Na6 14. Qc2 c6 15. dxc6 bxc6 16. Na4 Rfd8 17. Nb6 Rab8 18. Nxd7 Rxd7 19. Rfd1 Nc5 20. b4 axb4 21. axb4 Rxb4 22. Rb1 Rxb1 23. Rxb1 Rb7 24. Ra1 Rb8 25. Nd2 e4 26. Nf1 g6 27. Qa2 Qe5 28. Ne3 Kg7 29. Rb1 Rxb1+ 30. Qxb1 d5 31. cxd5 cxd5 32. Nc2 Qc3 33. Qd1 Nb3 34. e3 h5 35. Nd4 Nxd4 36. Qxd4 Qxd4 37. exd4 Ne8 38. f3 Nd6 39. Kf2 f5 40. Ke3 Nc4+ 41. Kf4 Kf6 42. h4 Nd2 43. fxe4 dxe4 44. Ke3 Nc4+ 45. Kf4 Nb6 46. Ke3 Nd5+ 47. Kf2 Nb4 48. Bf1 Nc2 49. d5 Nb4 50. Bc4 Ke5 51. d6 Kxd6 52. Ke3 Ke5 53. Bf7 Nd3 54. Ke2 f4 55. gxf4+ Nxf4+ 56. Kf2 Kd4 57. Be8 e3+ 58. Kf3 e2 59. Kf2 Kd3 0-1

[Event "NRW Class2 1011"]
[Site "Germany"]
[Date "2010.10.24"]
[Round "2.7"]
[White "Eggenstein, Frank"]
[Black "Gruettemeier, Uwe"]
[Result "1-0"]
[WhiteElo "2092"]
[BlackElo "2169"]
[PlyCount "65"]
[EventDate "2010.09.26"]
[EventType "team-tourn"]
[EventRounds "9"]
[EventCountry "GER"]
[SourceTitle "EXT 2012"]
[Source "ChessBase"]
[SourceDate "2011.11.24"]
[SourceVersion "1"]
[SourceVersionDate "2011.11.24"]
[SourceQuality "1"]
[WhiteTeam "Erkenschwick"]
[BlackTeam "Bielefeld"]
[WhiteTeamCountry "GER"]
[BlackTeamCountry "GER"]

1. e4 c6 2. d4 d5 3. e5 c5 4. dxc5 Nc6 5. Bf4 e6 6. Nd2 Bxc5 7. Nb3 Bb6 8. Qg4 g6 9. Nf3 h5 10. Qg3 Qc7 11. c3 Bd7 12. Bg5 Nge7 13. Bf6 Rg8 14. Ng5 Nf5 15. Qf4 Na5 16. Nd2 Rc8 17. Bd3 a6 18. h3 Bc6 19. b4 Nc4 20. Nxc4 dxc4 21. Be4 Qd7 22. Rd1 Qc7 23. 0-0 h4 24. Kh2 Qb8 25. Bxc6+ bxc6 26. Rd2 Bd8 27. Ne4 Be7 28. Bxe7 Kxe7 29. Qg5+ Kf8 30. Qf6 Qc7 31. Rfd1 Re8 32. Rd7 Qxd7 33. Rxd7 1-0

[Event "Oberliga NRW 0910"]
[Site "Germany"]
[Date "2010.01.31"]
[Round "6.8"]
[White "Gruettemeier, Uwe"]
[Black "Mueller, Frank3"]
[Result "0-1"]
[WhiteElo "2165"]
[BlackElo "2145"]
[PlyCount "66"]
[EventDate "2009.09.20"]
[EventType "team-tourn"]
[EventRounds "9"]
[EventCountry "GER"]
[SourceTitle "EXT 2011"]
[Source "ChessBase"]
[SourceDate "2010.11.26"]
[SourceVersion "1"]
[SourceVersionDate "2010.11.26"]
[SourceQuality "1"]
[WhiteTeam "Bielefeld"]
[BlackTeam "Castrop Rauxel"]
[WhiteTeamCountry "GER"]
[BlackTeamCountry "GER"]

1. d4 Nf6 2. Nf3 g6 3. c4 Bg7 4. g3 d5 5. Bg2 dxc4 6. 0-0 c6 7. Nc3 0-0 8. h3 Nbd7 9. Bf4 Nd5 10. Qd2 N7f6 11. Bh6 b5 12. Bxg7 Kxg7 13. Ne5 Bb7 14. Rad1 Qc7 15. e4 Nxc3 16. Qxc3 Rad8 17. f4 e6 18. d5 cxd5 19. exd5 Bxd5 20. Ng4 Qe7 21. Bxd5 Rxd5 22. Rxd5 exd5 23. Re1 Qc5+ 24. Kh2 d4 25. Qf3 Qd5 26. Qa3 Nxg4+ 27. hxg4 d3 28. Qc3+ Kg8 29. Re5 Qf3 30. Qd2 Qxg4 31. Qe3 h5 32. Rxb5 Qd7 33. Qe5 Re8 0-1

[Event "NRW Class1 0708"]
[Site "Germany"]
[Date "2008.02.10"]
[Round "6.5"]
[White "Gruettemeier, Uwe"]
[Black "Bouaraba, Max"]
[Result "0-1"]
[WhiteElo "2167"]
[BlackElo "2248"]
[PlyCount "66"]
[EventDate "2007.09.16"]
[EventType "team-tourn"]
[EventRounds "9"]
[EventCountry "GER"]
[SourceTitle "EXT 2009"]
[Source "ChessBase"]
[SourceDate "2008.11.26"]
[SourceVersion "1"]
[SourceVersionDate "2008.11.26"]
[SourceQuality "1"]
[WhiteTeam "Bielefeld"]
[BlackTeam "Plettenberg"]
[WhiteTeamCountry "GER"]
[BlackTeamCountry "GER"]

1. d4 Nf6 2. c4 g6 3. Nf3 Bg7 4. g3 0-0 5. Bg2 d6 6. 0-0 Nc6 7. Nc3 a6 8. h3 Rb8 9. Be3 Bd7 10. d5 Na5 11. Nd2 c5 12. a4 Qb6 13. Rb1 Qb4 14. Na2 Qxa4 15. Qxa4 Bxa4 16. b4 Bc2 17. bxa5 Bxb1 18. Rxb1 Nd7 19. Be4 b6 20. axb6 Rxb6 21. Rxb6 Nxb6 22. Bd3 Rb8 23. Nb3 Nxd5 24. cxd5 Rxb3 25. Bc4 Rb1+ 26. Kg2 a5 27. Kf3 a4 28. Ke4 Rd1 29. Bd3 Bb2 30. Bb5 e6 31. Bc4 f5+ 32. Kf3 exd5 33. Bb5 Kf7 0-1

[Event "NRW Class2 0607"]
[Site "Germany"]
[Date "2007.05.06"]
[Round "9.7"]
[White "Gruettemeier, Uwe"]
[Black "Babar, Michael"]
[Result "1-0"]
[WhiteElo "2155"]
[BlackElo "2021"]
[PlyCount "113"]
[EventDate "2006.09.17"]
[EventType "tourn"]
[EventRounds "9"]
[EventCountry "GER"]
[SourceTitle "EXT 2008"]
[Source "ChessBase"]
[SourceDate "2007.11.25"]
[SourceVersion "1"]
[SourceVersionDate "2007.11.25"]
[SourceQuality "1"]
[WhiteTeam "Bielefeld"]
[BlackTeam "Muenster II"]
[WhiteTeamCountry "GER"]
[BlackTeamCountry "GER"]

1. d4 d5 2. c4 c6 3. Nc3 e6 4. Nf3 Nf6 5. Bg5 Nbd7 6. e3 h6 7. Bh4 Bd6 8. Qc2 0-0 9. Rd1 Qa5 10. Be2 Ne4 11. 0-0 f5 12. a3 Ndf6 13. c5 Nxc3 14. Qxc3 Qxc3 15. bxc3 Bc7 16. Bg3 Bxg3 17. hxg3 b5 18. Ne5 Bd7 19. Rb1 Rfc8 20. Rb2 Be8 21. Ra1 Ne4 22. Rc1 Rc7 23. Bd3 Nf6 24. a4 a6 25. Ra1 Rac8 26. axb5 axb5 27. Ra6 Nd7 28. Nxd7 Bxd7 29. Rba2 Kf7 30. Rb6 Ke7 31. f3 Be8 32. Raa6 Bf7 33. e4 fxe4 34. fxe4 Be8 35. g4 Bd7 36. Ra2 Rf8 37. Rf2 Rxf2 38. Kxf2 Ra7 39. Ke3 Ra3 40. exd5 exd5 41. Rb7 Kd8 42. Bf5 Bxf5 43. gxf5 Rxc3+ 44. Kf4 Rc2 45. Ke5 Rxg2 46. Kd6 Ke8 47. Kxc6 Rg5 48. Kxd5 Rxf5+ 49. Ke6 Rf6+ 50. Ke5 Rg6 51. d5 Rg5+ 52. Kd6 Rg6+ 53. Kc7 Rg5 54. Kc6 h5 55. d6 h4 56. Rb8+ Kf7 57. d7 1-0

[Event "NRW Class2 0607"]
[Site "Germany"]
[Date "2006.11.26"]
[Round "3.7"]
[White "Reinemer, Frank"]
[Black "Gruettemeier, Uwe"]
[Result "1/2-1/2"]
[WhiteElo "2199"]
[BlackElo "2155"]
[PlyCount "84"]
[EventDate "2006.09.17"]
[EventType "tourn"]
[EventRounds "9"]
[EventCountry "GER"]
[SourceTitle "EXT 2008"]
[Source "ChessBase"]
[SourceDate "2007.11.25"]
[SourceVersion "1"]
[SourceVersionDate "2007.11.25"]
[SourceQuality "1"]
[WhiteTeam "Monheim"]
[BlackTeam "Bielefeld"]
[WhiteTeamCountry "GER"]
[BlackTeamCountry "GER"]

1. d4 d5 2. c4 Bf5 3. Nc3 e6 4. cxd5 exd5 5. Nf3 Nf6 6. Bg5 c6 7. Qb3 Qb6 8. Qxb6 axb6 9. Bxf6 gxf6 10. e3 b5 11. Kd2 Rg8 12. Nh4 Bg6 13. Bd3 Nd7 14. f4 Bxd3 15. Kxd3 Nb6 16. g3 Nc4 17. b3 Nd6 18. e4 dxe4+ 19. Nxe4 Nxe4 20. Rhe1 Kd7 21. Rxe4 Bb4 22. Nf5 Rge8 23. Rxe8 Kxe8 24. a4 Kd7 25. Ra2 Ra5 26. Ne3 Bf8 27. Nd1 Bb4 28. Nf2 f5 29. Nd1 Kd6 30. Ne3 Ke6 31. Re2 Kf6 32. axb5 Rxb5 33. Nc4 Rd5 34. Re5 Rxe5 35. Nxe5 Ke6 36. Kc4 Bd6 37. Nf3 f6 38. Nh4 b5+ 39. Kd3 Bb4 40. Ng2 Ba5 41. Ne3 Be1 42. Nc2 Ba5 1/2-1/2

[Event "Oberliga NRW 0506"]
[Site "Germany"]
[Date "2006.02.12"]
[Round "6.7"]
[White "Schmidt, Martin"]
[Black "Gruettemeier, Uwe"]
[Result "1-0"]
[WhiteElo "2217"]
[BlackElo "2140"]
[PlyCount "59"]
[EventDate "2005.09.25"]
[EventType "team-tourn"]
[EventRounds "9"]
[EventCountry "GER"]
[SourceTitle "EXT 2007"]
[Source "ChessBase"]
[SourceDate "2006.11.23"]
[SourceVersion "1"]
[SourceVersionDate "2006.11.23"]
[SourceQuality "1"]
[WhiteTeam "Koeln SF"]
[BlackTeam "Bielefeld"]
[WhiteTeamCountry "GER"]
[BlackTeamCountry "GER"]

1. e4 c6 2. d4 g6 3. Nc3 d5 4. e5 h5 5. Bg5 Bf5 6. Nf3 Qa5 7. Nh4 e6 8. h3 Bb4 9. Qd2 c5 10. Bb5+ Nc6 11. Bxc6+ bxc6 12. dxc5 Rb8 13. 0-0 Ne7 14. a3 Bxc3 15. bxc3 Kd7 16. Rfb1 Qxc5 17. Rb4 Kc7 18. Nf3 Be4 19. Nd4 Nc8 20. Be3 Qf8 21. Rxb8 Kxb8 22. Nxc6+ Kc7 23. Nxa7 Nxa7 24. Bxa7 Qa8 25. Qd4 Qc6 26. Rb1 Ra8 27. Bc5 Ra4 28. Bd6+ Kd7 29. Qd2 d4 30. Qg5 1-0

[Event "Oberliga NRW 0506"]
[Site "Germany"]
[Date "2006.01.08"]
[Round "5.8"]
[White "Mueschenich, Stefan"]
[Black "Gruettemeier, Uwe"]
[Result "1-0"]
[WhiteElo "2169"]
[BlackElo "2140"]
[PlyCount "131"]
[EventDate "2005.09.25"]
[EventType "team-tourn"]
[EventRounds "9"]
[EventCountry "GER"]
[SourceTitle "EXT 2007"]
[Source "ChessBase"]
[SourceDate "2006.11.23"]
[SourceVersion "1"]
[SourceVersionDate "2006.11.23"]
[SourceQuality "1"]
[WhiteTeam "Muenster"]
[BlackTeam "Bielefeld"]
[WhiteTeamCountry "GER"]
[BlackTeamCountry "GER"]

1. e4 c6 2. Nc3 d5 3. Qf3 dxe4 4. Nxe4 Nf6 5. Bc4 Qd4 6. d3 Nbd7 7. Ne2 Qb6 8. Be3 Qa5+ 9. Bd2 Qh5 10. Ng5 Ne5 11. Qxh5 Nxh5 12. Bb3 h6 13. d4 hxg5 14. dxe5 f6 15. h3 g6 16. 0-0-0 Ng7 17. exf6 exf6 18. Rhe1 Be7 19. Nd4 Kf8 20. Rxe7 Kxe7 21. Bb4+ Ke8 22. Re1+ Kd8 23. Be7+ Kc7 24. Bxf6 Re8 25. Be5+ Kb6 26. Bf7 Rf8 27. Bxg6 Nf5 28. Nf3 Nh4 29. Nxh4 gxh4 30. f4 Bf5 31. Bh5 Rad8 32. Bf3 Rd7 33. b3 Rg8 34. Bf6 Rh7 35. Re5 Bd7 36. Re2 Rf8 37. Bg5 Bf5 38. Re5 Kc7 39. c4 b6 40. b4 Kd7 41. b5 cxb5 42. cxb5 Kd6 43. Bc6 Be6 44. Re2 Bd5 45. Rd2 Rf5 46. Kd1 Rh8 47. Ke1 a6 48. a4 axb5 49. axb5 Rh7 50. Kf2 Rhf7 51. Bxd5 Rxd5 52. Rxd5+ Kxd5 53. Kf3 Ra7 54. Bxh4 Ra5 55. g4 Ra3+ 56. Kg2 Rb3 57. Bf6 Ke6 58. Bd4 Rxb5 59. h4 Rb4 60. Be5 Rc4 61. h5 Kf7 62. g5 Rc6 63. Kf3 b5 64. g6+ Kg8 65. f5 b4 66. h6 1-0

[Event "NRW Class2 0304"]
[Site "Germany"]
[Date "2003.09.28"]
[Round "1.6"]
[White "Reitz, Robert"]
[Black "Gruettemeier, Uwe"]
[Result "0-1"]
[WhiteElo "1999"]
[BlackElo "2174"]
[PlyCount "52"]
[EventDate "2003.09.28"]
[EventType "team-tourn"]
[EventRounds "9"]
[EventCountry "GER"]
[SourceTitle "CBM 098 Extra"]
[Source "ChessBase"]
[SourceDate "2004.03.10"]
[SourceVersion "2"]
[SourceVersionDate "2004.03.10"]
[SourceQuality "1"]
[WhiteTeam "Hagen"]
[BlackTeam "Bielefeld"]
[WhiteTeamCountry "GER"]
[BlackTeamCountry "GER"]

1. e4 c6 2. d4 g6 3. c3 d5 4. e5 a6 5. a4 h5 6. Bd3 Nh6 7. Ne2 Bf5 8. Bxh6 Bxh6 9. Bxf5 gxf5 10. Ng3 e6 11. Nxh5 Nd7 12. g3 c5 13. a5 Rc8 14. Qa4 Bg5 15. Nf4 Bxf4 16. gxf4 cxd4 17. Nd2 dxc3 18. bxc3 Rxc3 19. Rb1 Rg8 20. Ke2 Qh4 21. Rhd1 Qh5+ 22. Ke1 Rg1+ 23. Nf1 Qh3 24. Ke2 Qf3+ 25. Ke1 Re3+ 26. Kd2 Qxf2+ 0-1